000 00660nas a2200229 4500
001 BR9207347
003 BR-BrBNA
005 20231205095020.0
007 ta
008 230509b bl.|||p| |||| 00| 00por d
040 _aBR-BrBNA
_bpor
_cBiblioteca Nacional de Agricultura
041 _a(Pt)
072 _aQ02
100 1 _aBassegio, N.O.
245 1 _aResfriamento a ar para abatedouros avicolas: possibilidades
650 _aFrango
650 _aAbatedouro
650 _aResfriamento
773 0 _tRevista Nacional da Carne (Brazil)
_x
_g(May 1991), v. 15(171) p. 60-62
_wBR9207347
909 _a202311
_bLúcia
_c55
_dLúcia Elande
942 _2AGRIS
_n0
_cANA
999 _c148259
_d148259